| 000 | 00361nam a22001457a 4500 | ||
|---|---|---|---|
| 082 | _aP-359 | ||
| 100 |
_aKamran Mushtaq _947675 |
||
| 245 |
_aThe feasibility of use of stone mastic asphalt _cKamran Mushtaq |
||
| 260 |
_aMCE _c2007 |
||
| 300 | _a61 p. | ||
| 526 |
_a0 _b0 _c0 _dP_359 |
||
| 650 | _aProject | ||
| 700 |
_aKamran Mushtaq _947675 |
||
| 942 |
_2ddc _cBK |
||
| 999 |
_c550843 _d550843 |
||